000 01179cam a2200253 i 4500
003 SA-RiAUC
005 20260205132212.0
008 260125s1922 ua g 00000 ara c
040 _aSA-RiAUC
_bara
_cSA-RiAUC
_erda
082 0 4 _a237
090 _aم ن 237
_bع ل ي
100 1 _aعلي الرضى، علي بن موسى الكاظم،
_d153-203 هجري
_eمؤلف.
245 1 0 _aمسند الإمام علي بن موسى الرضا الكاضم بن جعفر الصادق بن محمد الباقر بن زين العابدين بن الحسين بن أمير المؤمنين علي بن أبي طالب.
264 1 _aالقاهرة :
_b[الناشر غير محدد]،
_c1922
300 _a76 صفحة ؛
_c20 سم
336 _aنص
_btxt
_2rdacontent
_3كتاب
337 _aبدون وسيط
_bn
_2rdamedia
338 _aمجلد
_bnc
_2rdacarrier
500 _aيشتمل على عشرة أبواب من الأحاديث الصحيحة.
600 1 7 _aعلي الرضى، علي بن موسى الكاظم،
_d153-203 هجري
_2aucnm
650 7 _aالحديث
_xرواية
_2aucsh
942 _2ddc
_cRBOOK COPY
_n0
949 _aSA-JeALM
_d260125
_umohamedma123
_n1
999 _c14267
_d14267